000 00220nam a2200109Ia 4500
100 _aMotwani- Bharti
_921
942 _cBK
245 _aData analytics with R
260 _c2019
082 _a005.312
_b MOT
300 _a646
999 _c35849
_d35849